[Event "RUS-ch Blitz Women 2021"]
[Site "Sochi"]
[Date "2021.10.11"]
[Round "5.4"]
[White "Belenkaya, Dina"]
[Black "Tomilova, Elena"]
[Result "1/2-1/2"]
[WhiteElo "2277"]
[BlackElo "2256"]
[Annotator "NA"]
[PlyCount "79"]
[EventDate "2021.10.11"]
[EventType "blitz"]
[EventCountry "RUS"]
[SourceTitle "playchess.com"]
[Source "ChessBase"]
[SourceQuality "1"]

1. e4 c5 2. Nc3 Nc6 3. g3 g6 4. Bg2 Bg7 5. Nge2 e6 6. d3 Nge7 7. Be3 Nd4 8. Qd2
d6 9. Nd1 Nxe2 10. Qxe2 Nc6 11. c3 O-O 12. Qd2 Rb8 13. O-O b6 14. d4 Qe7 15.
Rc1 Bb7 16. f4 f5 17. d5 Na5 18. c4 Rfe8 19. exf5 gxf5 20. Re1 Qf7 21. dxe6
Rxe6 22. Bd5 Bxd5 23. Qxd5 Rbe8 24. b3 Rf6 25. Qxf7+ Kxf7 26. Bf2 Rfe6 27. Rxe6
Rxe6 28. Rc2 Nc6 29. Nc3 Nd4 30. Rc1 Ne2+ 31. Nxe2 Rxe2 32. Rd1 Ke6 33. Re1
Rxe1+ 34. Bxe1 d5 35. Kf1 dxc4 36. bxc4 a6 37. Ke2 b5 38. Kd3 Bd4 39. h3 h5 40.
h4 1/2-1/2

[Event "RUS-ch Blitz Women 2021"]
[Site "Sochi"]
[Date "2021.10.11"]
[Round "5.5"]
[White "Samigullina, Diana"]
[Black "Kovanova, Baira"]
[Result "1-0"]
[WhiteElo "2161"]
[BlackElo "2331"]
[Annotator "ChessBase"]
[PlyCount "135"]
[EventDate "2021.10.11"]
[EventType "blitz"]
[EventCountry "RUS"]
[SourceTitle "playchess.com"]
[Source "ChessBase"]
[SourceQuality "1"]

1. d4 Nf6 2. Nf3 e6 3. Bf4 d5 4. e3 c5 5. c3 Nc6 6. h3 Bd6 7. Ne5 Qc7 8. Bb5
cxd4 9. exd4 O-O 10. Bxc6 bxc6 11. O-O c5 12. Re1 Rb8 13. Qe2 Ne4 14. f3 Nf6
15. Bg5 Nd7 16. Ng4 Bg3 17. Rd1 Qb6 18. b3 Bc7 19. Qd2 Qd6 20. dxc5 Nxc5 21. c4
f5 22. Ne3 Qh2+ 23. Kf1 Ba6 24. Na3 h6 25. Bh4 Qf4 26. Bf2 Rbd8 27. Qb4 Bb6 28.
Kg1 d4 29. Nf1 e5 30. Nb5 Bb7 31. a4 a5 32. Qd2 Qxd2 33. Nxd2 Nd3 34. Nf1 Nb4
35. Rac1 Rfe8 36. c5 Bxc5 37. Rxc5 e4 38. Rxf5 e3 39. Be1 e2 40. Rxd4 exf1=Q+
41. Kxf1 Rxe1+ 42. Kxe1 Nc2+ 43. Kf2 Nxd4 44. Nxd4 Rxd4 45. Rxa5 Rb4 46. Rb5
Rxb5 47. axb5 Kf7 48. Ke3 Ke6 49. Kd4 Kd6 50. b4 h5 51. h4 g6 52. Kc4 Ke5 53.
Kc5 Kf4 54. Kb6 Bd5 55. Kc5 Ba8 56. b6 Kg3 57. Kd6 Kxh4 58. Kc7 Kg3 59. b7 Bxb7
60. Kxb7 Kxg2 61. b5 h4 62. b6 h3 63. Kc6 h2 64. b7 h1=Q 65. b8=Q Qc1+ 66. Kd7
Qd2+ 67. Ke6 Qf4 68. Qxf4 1-0

[Event "RUS-ch Blitz Women 2021"]
[Site "Sochi"]
[Date "2021.10.11"]
[Round "5.6"]
[White "Chernyak, Viktoria"]
[Black "Nasybullina, Alfia"]
[Result "0-1"]
[WhiteElo "2285"]
[BlackElo "2101"]
[Annotator "NA"]
[PlyCount "72"]
[EventDate "2021.10.11"]
[EventType "blitz"]
[EventCountry "RUS"]
[SourceTitle "playchess.com"]
[Source "ChessBase"]
[SourceQuality "1"]

1. c4 e5 2. Nc3 d6 3. e4 g6 4. Nf3 Bg7 5. d4 Nd7 6. Be2 Ne7 7. O-O O-O 8. Be3
c6 9. Qd2 f5 10. dxe5 dxe5 11. exf5 gxf5 12. Bg5 e4 13. Nd4 Ne5 14. Rad1 Qe8
15. b3 N7g6 16. Bh5 Nf7 17. Be3 f4 18. Bxg6 fxe3 19. Bxf7+ Qxf7 20. Qxe3 Bg4
21. Rd2 Rae8 22. h3 Bh5 23. Nde2 Bg6 24. Ng3 Qe6 25. Rfd1 c5 26. Nd5 Bd4 27.
Qe2 Rxf2 28. Qxf2 Bxf2+ 29. Kxf2 Rf8+ 30. Ke3 Qe5 31. Ne2 Qg5+ 32. Nef4 Qg3+
33. Ke2 e3 34. Ne7+ Kh8 35. Nexg6+ hxg6 36. Rd8 Qxf4 0-1

[Event "RUS-ch Blitz Women 2021"]
[Site "Sochi"]
[Date "2021.10.11"]
[Round "6.1"]
[White "Charochkina, Daria"]
[Black "Lysenko, Margarita"]
[Result "0-1"]
[WhiteElo "2327"]
[BlackElo "2252"]
[Annotator "NA"]
[PlyCount "56"]
[EventDate "2021.10.11"]
[EventType "blitz"]
[EventCountry "RUS"]
[SourceTitle "playchess.com"]
[Source "ChessBase"]
[SourceQuality "1"]

1. d4 Nf6 2. c4 e6 3. Nc3 Bb4 4. e3 O-O 5. Bd2 d5 6. Rc1 c6 7. Nf3 Nbd7 8. a3
Bd6 9. Qc2 Re8 10. Bd3 h6 11. O-O dxc4 12. Bxc4 e5 13. Qb3 Qe7 14. Nh4 Nb6 15.
Ng6 Qd7 16. dxe5 Nxc4 17. Qxc4 Bxe5 18. Nxe5 Rxe5 19. Rfd1 Re8 20. Na4 Qf5 21.
Qc5 Qg6 22. g3 Bg4 23. Re1 Bf3 24. h3 Rad8 25. Bb4 Ne4 26. Qc2 Qh5 27. Kh2 Ng5
28. h4 Qg4 0-1

[Event "RUS-ch Blitz Women 2021"]
[Site "Sochi"]
[Date "2021.10.11"]
[Round "6.2"]
[White "Potapova, Margarita"]
[Black "Samigullina, Diana"]
[Result "1/2-1/2"]
[WhiteElo "2257"]
[BlackElo "2161"]
[Annotator "NA"]
[PlyCount "65"]
[EventDate "2021.10.11"]
[EventType "blitz"]
[EventCountry "RUS"]
[SourceTitle "playchess.com"]
[Source "ChessBase"]
[SourceQuality "1"]

1. d4 d5 2. c4 c6 3. Nf3 Nf6 4. g3 Bf5 5. Nc3 e6 6. Nh4 Bg6 7. Nxg6 hxg6 8. Qd3
Nbd7 9. Bg2 Bd6 10. O-O O-O 11. b3 a5 12. Bb2 Qe7 13. a4 Rfe8 14. f4 Rad8 15.
Rad1 Bb4 16. Na2 c5 17. Nxb4 axb4 18. e3 b6 19. Rfe1 dxc4 20. Qxc4 Rc8 21. Qb5
Nd5 22. Rc1 Nc3 23. Bxc3 bxc3 24. Rxc3 cxd4 25. Rxc8 Rxc8 26. exd4 Qd6 27. Rd1
Nf6 28. Qe2 Qb4 29. Qb5 Qd6 30. Qe2 Qb4 31. Qb5 Qd6 32. Qd3 Nd5 33. Qd2 1/2-1/2

[Event "RUS-ch Blitz Women 2021"]
[Site "Sochi"]
[Date "2021.10.11"]
[Round "6.3"]
[White "Solozhenkina, Elizaveta"]
[Black "Nasybullina, Alfia"]
[Result "1-0"]
[WhiteElo "2325"]
[BlackElo "2101"]
[Annotator "ChessBase"]
[PlyCount "145"]
[EventDate "2021.10.11"]
[EventType "blitz"]
[EventCountry "RUS"]
[SourceTitle "playchess.com"]
[Source "ChessBase"]
[SourceQuality "1"]

1. e4 c6 2. d4 d5 3. Nc3 dxe4 4. Nxe4 Nd7 5. Nf3 Ngf6 6. Nxf6+ Nxf6 7. Bd3 Bg4
8. c3 e6 9. h3 Bh5 10. O-O Be7 11. Be2 O-O 12. Ne5 Bxe2 13. Qxe2 Nd7 14. Ng4
Nf6 15. Ne5 Nd7 16. Nf3 Bd6 17. Rd1 Qc7 18. Be3 Rad8 19. c4 Rfe8 20. Qc2 Bf4
21. Ng5 Nf6 22. Qe2 Rd7 23. Rd3 h6 24. Nf3 Red8 25. Rad1 Bxe3 26. Qxe3 Qa5 27.
Ne5 Re7 28. Ra3 Qb6 29. Rb3 Qa5 30. a3 c5 31. Rbd3 cxd4 32. Rxd4 Rxd4 33. Qxd4
Re8 34. g3 Qa4 35. Rd2 Qa5 36. Kh2 a6 37. Rd1 Qa4 38. Kg2 Rc8 39. Rd2 Qa5 40.
f4 Qc5 41. Qxc5 Rxc5 42. Rd8+ Kh7 43. Nxf7 Rxc4 44. Rd2 Nd5 45. Kf3 Rc1 46. Nd6
b5 47. f5 Rf1+ 48. Ke2 Rg1 49. fxe6 Rg2+ 50. Ke1 Rxd2 51. Kxd2 Kg8 52. Kd3 Kf8
53. Ke4 Nc7 54. Ke5 Ke7 55. Nf5+ Kf8 56. Kd6 Ne8+ 57. Kd7 Nf6+ 58. Kd8 g6 59.
e7+ Kf7 60. Nd6+ Ke6 61. e8=Q+ Nxe8 62. Nxe8 Kf5 63. Ke7 Ke4 64. Kf6 Kf3 65.
Kxg6 Kxg3 66. Kxh6 Kxh3 67. Nc7 Kg4 68. Nxa6 Kf4 69. Nc7 b4 70. axb4 Ke5 71. b5
Kd6 72. b6 Kc6 73. Nd5 1-0

[Event "RUS-ch Blitz Women 2021"]
[Site "Sochi"]
[Date "2021.10.11"]
[Round "6.4"]
[White "Paramzina, Anastasya"]
[Black "Borisova, Ekaterina"]
[Result "1-0"]
[WhiteElo "2260"]
[BlackElo "2250"]
[Annotator "NA"]
[PlyCount "121"]
[EventDate "2021.10.11"]
[EventType "blitz"]
[EventCountry "RUS"]
[SourceTitle "playchess.com"]
[Source "ChessBase"]
[SourceQuality "1"]

1. e4 e5 2. Nf3 Nc6 3. Bc4 Nf6 4. d3 h6 5. O-O d6 6. a4 g6 7. c3 Bg7 8. b4 O-O
9. b5 Ne7 10. Re1 g5 11. d4 Ng6 12. dxe5 dxe5 13. Ba3 Qxd1 14. Rxd1 Re8 15.
Nfd2 Be6 16. Bxe6 Rxe6 17. g3 Rd8 18. Re1 Bf8 19. Nc4 Rd3 20. Nb2 Rd7 21. Bxf8
Nxf8 22. Na3 g4 23. Nac4 h5 24. Kg2 N8h7 25. h4 gxh3+ 26. Kxh3 Ng5+ 27. Kg2
Ngxe4 28. Rad1 Nxc3 29. Rc1 Ncd5 30. Rxe5 Rde7 31. f4 Rxe5 32. fxe5 Ng4 33. Nd3
Kg7 34. Kf3 b6 35. Nf4 Nxf4 36. gxf4 f6 37. Ke4 fxe5 38. fxe5 Kg6 39. Rf1 h4
40. Rg1 Kh5 41. Kf5 Rf7+ 42. Ke6 Rf4 43. Nd2 h3 44. Nf1 Kh4 45. Kd7 Rd4+ 46.
Kxc7 Nxe5 47. Ne3 Re4 48. Nf5+ Kh5 49. Ng3+ Kh4 50. Nxe4 h2 51. Rh1 Kh3 52. Rc1
Nd3 53. Rf1 Kg2 54. Rd1 Nb2 55. a5 bxa5 56. Kb7 a4 57. Rd2+ Kh3 58. Nf2+ Kg2
59. Rxb2 a3 60. Ra2 Kg1 61. Kxa7 1-0

[Event "RUS-ch Blitz Women 2021"]
[Site "Sochi"]
[Date "2021.10.11"]
[Round "6.5"]
[White "Tomilova, Elena"]
[Black "Yurasova, Daria"]
[Result "1-0"]
[WhiteElo "2256"]
[BlackElo "2127"]
[Annotator "NA"]
[PlyCount "123"]
[EventDate "2021.10.11"]
[EventType "blitz"]
[EventCountry "RUS"]
[SourceTitle "playchess.com"]
[Source "ChessBase"]
[SourceQuality "1"]

1. d4 d5 2. Nf3 Nf6 3. c4 c6 4. Nc3 dxc4 5. g3 g6 6. Bg2 Bg7 7. O-O O-O 8. a4
Nbd7 9. e4 Re8 10. Nd2 e5 11. d5 cxd5 12. exd5 Nf8 13. Nxc4 Bf5 14. Re1 Qc7 15.
Qb3 Rac8 16. Ne3 Bd7 17. Nb5 Qb8 18. Bd2 a6 19. Nc3 Ng4 20. Nxg4 Bxg4 21. Rac1
Nd7 22. h3 Nc5 23. Qb6 Bf5 24. g4 Bd7 25. Ne4 Nxe4 26. Bxe4 Bxa4 27. d6 Rcd8
28. Bb4 Bf8 29. Rc7 Bc6 30. Bxc6 bxc6 31. Rxc6 Qxb6 32. Rxb6 Rb8 33. Rxb8 Rxb8
34. Ba3 Rd8 35. Rxe5 Bxd6 36. Ra5 Bxa3 37. bxa3 Rd6 38. Kg2 Kf8 39. Kf3 Ke7 40.
g5 f6 41. h4 fxg5 42. hxg5 Kf7 43. Ke4 Ke7 44. f4 Kd7 45. Rd5 Ke6 46. Rxd6+
Kxd6 47. Kd4 a5 48. a4 Kc6 49. Kc4 Kb6 50. Kd5 Kc7 51. Kc5 Kd7 52. Kb5 Kd6 53.
Kxa5 Kc5 54. Ka6 Kc6 55. a5 Kc7 56. Kb5 Kb7 57. Kc5 Ka6 58. Kd6 Kxa5 59. Ke6
Kb5 60. Kf6 Kc5 61. Kg7 Kd5 62. Kxh7 1-0

[Event "RUS-ch Blitz Women 2021"]
[Site "Sochi"]
[Date "2021.10.11"]
[Round "6.6"]
[White "Niyazgulova, Marina"]
[Black "Nasybullina, Dayana"]
[Result "1/2-1/2"]
[WhiteElo "2227"]
[BlackElo "1982"]
[Annotator "ChessBase"]
[PlyCount "138"]
[EventDate "2021.10.11"]
[EventType "blitz"]
[EventCountry "RUS"]
[SourceTitle "playchess.com"]
[Source "ChessBase"]
[SourceQuality "1"]

1. d4 c5 2. d5 e5 3. e4 d6 4. Nc3 Be7 5. Nf3 a6 6. a4 Bg4 7. Be2 Bxf3 8. Bxf3
Bg5 9. O-O Nd7 10. Be3 Bxe3 11. fxe3 Qg5 12. Qd2 Ne7 13. a5 O-O 14. Be2 f5 15.
Rf3 Nf6 16. exf5 Nxf5 17. Raf1 Nh4 18. Rg3 Qh6 19. Bd3 Rae8 20. Ne4 Nxe4 21.
Bxe4 Rxf1+ 22. Kxf1 Qf6+ 23. Qf2 Rf8 24. Qxf6 Rxf6+ 25. Ke2 Nf5 26. Bxf5 Rxf5
27. Rg4 Rf7 28. b4 cxb4 29. Rxb4 Rc7 30. Kd3 Kf7 31. Rb6 Ke7 32. c4 Kd7 33. Kc3
Ke7 34. Rb1 h6 35. g3 Ke8 36. Rb6 Ke7 37. Kd3 Kd7 38. Rb4 g6 39. h4 h5 40. Rb1
Ke7 41. Rb2 Ke8 42. Rf2 Ke7 43. Rb2 Ke8 44. Rb6 Ke7 45. Kc3 Kd7 46. Kb4 Ke7 47.
Kc3 Kd7 48. Rb1 Ke7 49. g4 hxg4 50. Rg1 Rc5 51. Kb4 Kf6 52. e4 g5 53. Rxg4 gxh4
54. Rxh4 Kg5 55. Rh7 Kf4 56. Rxb7 Kxe4 57. Rb6 Kd4 58. Rxd6 Rxc4+ 59. Kb3 Rc3+
60. Kb2 Rc5 61. Rxa6 Rxd5 62. Kc2 e4 63. Kd2 e3+ 64. Ke2 Re5 65. Rd6+ Kc4 66.
a6 Ra5 67. Kxe3 Kb5 68. Rd5+ Kxa6 69. Rxa5+ Kxa5 1/2-1/2

[Event "RUS-ch Blitz Women 2021"]
[Site "Sochi"]
[Date "2021.10.11"]
[Round "7.1"]
[White "Lysenko, Margarita"]
[Black "Solozhenkina, Elizaveta"]
[Result "0-1"]
[WhiteElo "2252"]
[BlackElo "2325"]
[Annotator "NA"]
[PlyCount "62"]
[EventDate "2021.10.11"]
[EventType "blitz"]
[EventCountry "RUS"]
[SourceTitle "playchess.com"]
[Source "ChessBase"]
[SourceQuality "1"]

1. d4 Nf6 2. c4 g6 3. Nf3 Bg7 4. g3 O-O 5. Bg2 c6 6. O-O d5 7. Qb3 Qb6 8. Nc3
Rd8 9. Rd1 Bf5 10. Ne1 Na6 11. Qxb6 axb6 12. cxd5 cxd5 $14 13. Bf4 Ne4 14. Nxe4
dxe4 15. Nc2 Rac8 16. Rac1 h6 17. h3 e5 18. Bd2 exd4 19. g4 Be6 20. Bxe4 Nc5
21. Bd3 Bxa2 22. Nb4 Bb3 23. Re1 Bf8 24. Bb5 Ne6 25. Nd3 Rc2 26. Rxc2 Bxc2 27.
Ne5 Be4 28. f4 Ra8 29. Rc1 Ra2 30. Rc8 Rxb2 31. Bd7 Rxd2 0-1

[Event "RUS-ch Blitz Women 2021"]
[Site "Sochi"]
[Date "2021.10.11"]
[Round "7.2"]
[White "Tomilova, Elena"]
[Black "Paramzina, Anastasya"]
[Result "1/2-1/2"]
[WhiteElo "2256"]
[BlackElo "2260"]
[Annotator "NA"]
[PlyCount "39"]
[EventDate "2021.10.11"]
[EventType "blitz"]
[EventCountry "RUS"]
[SourceTitle "playchess.com"]
[Source "ChessBase"]
[SourceQuality "1"]

1. d4 Nf6 2. Nf3 g6 3. e3 Bg7 4. c4 d5 5. cxd5 Nxd5 6. e4 Nb6 7. Be2 Bg4 8.
Nbd2 Nc6 9. d5 Ne5 10. Nxe5 Bxe2 11. Qxe2 Bxe5 12. O-O O-O 13. a4 a5 14. Nf3
Bg7 15. Rd1 Qd6 16. e5 Qb4 17. Bg5 Rfd8 18. Rd4 Qb3 19. Bxe7 Rxd5 20. Bf6
1/2-1/2

[Event "RUS-ch Blitz Women 2021"]
[Site "Sochi"]
[Date "2021.10.11"]
[Round "7.3"]
[White "Diakonova, Ekaterina"]
[Black "Shubenkova, Veronika"]
[Result "1-0"]
[WhiteElo "2157"]
[BlackElo "1762"]
[Annotator "NA"]
[PlyCount "73"]
[EventDate "2021.10.11"]
[EventType "blitz"]
[EventCountry "RUS"]
[SourceTitle "playchess.com"]
[Source "ChessBase"]
[SourceQuality "1"]

1. d4 d5 2. Bf4 e6 3. e3 Bd6 4. Bg3 Nf6 5. Nf3 O-O 6. Nbd2 c5 7. c3 Nc6 8. Bb5
Ne7 9. Bd3 b6 10. O-O Bxg3 11. hxg3 Bb7 12. Ne5 Ng6 13. Qe2 Nd7 14. f4 f5 15.
Nxd7 Qxd7 16. g4 Rae8 17. g5 Qf7 18. Nf3 h6 19. Kf2 e5 20. dxe5 d4 21. cxd4
cxd4 22. Nxd4 Nh4 23. g3 Ng6 24. gxh6 gxh6 25. Nxf5 Qh7 26. Nh4 Re6 27. Qg4 Kf7
28. Bxg6+ Rxg6 29. Nxg6 Qxg6 30. Qxg6+ Kxg6 31. g4 Rc8 32. Rac1 Rd8 33. Rfd1
Rf8 34. Rd6+ Kg7 35. Rc7+ Rf7 36. Rxf7+ Kxf7 37. Rd7+ 1-0

[Event "RUS-ch Blitz Women 2021"]
[Site "Sochi"]
[Date "2021.10.11"]
[Round "7.4"]
[White "Samigullina, Diana"]
[Black "Charochkina, Daria"]
[Result "0-1"]
[WhiteElo "2161"]
[BlackElo "2327"]
[Annotator "ChessBase"]
[PlyCount "105"]
[EventDate "2021.10.11"]
[EventType "blitz"]
[EventCountry "RUS"]
[SourceTitle "playchess.com"]
[Source "ChessBase"]
[SourceQuality "1"]

1. d4 d6 2. Nf3 Nf6 3. Bf4 g6 4. e3 Bg7 5. h3 O-O 6. Be2 b6 7. c3 Bb7 8. Nbd2
c5 9. O-O Nc6 10. a4 Re8 11. Bh2 a6 12. Qb3 Na5 13. Qa3 Nd7 14. b4 cxb4 15.
cxb4 Nc6 16. Rac1 a5 17. b5 Nb4 18. Bc4 e5 19. dxe5 dxe5 20. Rfd1 Qe7 21. Nf1
Nc5 22. Bg3 Bxf3 23. gxf3 Rad8 24. e4 h5 25. h4 Rd4 26. Ne3 Red8 27. Nd5 Nxd5
28. exd5 Qf6 29. Re1 Re8 30. Kg2 e4 31. f4 Rd2 32. Qe3 Qb2 33. Rcd1 Rc2 34. Bf1
Rc3 35. Qe2 Qb4 36. d6 Nd3 37. Rxd3 Rxd3 38. Qxd3 Qc5 39. Qe3 Qxd6 40. Rc1 Bd4
41. Qe2 e3 42. f5 Qd5+ 43. Qf3 Qa2 44. Rd1 Bc5 45. Re1 Re5 46. Kh1 Rxf5 47.
Qa8+ Kg7 48. fxe3 Qd2 49. Qg2 Qc3 50. Re2 Bxe3 51. Rc2 Qa1 52. Kh2 Rxf1 53.
Be5+ 0-1

[Event "RUS-ch Blitz Women 2021"]
[Site "Sochi"]
[Date "2021.10.11"]
[Round "7.5"]
[White "Belenkaya, Dina"]
[Black "Murashova, Ekaterina"]
[Result "1-0"]
[WhiteElo "2277"]
[BlackElo "2213"]
[Annotator "NA"]
[PlyCount "69"]
[EventDate "2021.10.11"]
[EventType "blitz"]
[EventCountry "RUS"]
[SourceTitle "playchess.com"]
[Source "ChessBase"]
[SourceQuality "1"]

1. e4 c5 2. Nc3 g6 3. g3 Bg7 4. Bg2 Nc6 5. d3 d6 6. Be3 Rb8 7. Qd2 b5 8. Nge2
b4 9. Nd1 Nd4 10. c3 bxc3 11. bxc3 Nxe2 12. Qxe2 Ba6 13. Qd2 e6 14. O-O Ne7 15.
h4 h5 16. Nb2 Qa5 17. Rfc1 O-O 18. Nc4 Bxc4 19. dxc4 Rfd8 20. Bg5 f6 21. Bf4
Nc6 22. Bh3 f5 23. exf5 gxf5 24. Qe2 Qc7 25. Qxe6+ Qf7 26. Bxf5 Na5 27. Qxf7+
Kxf7 28. Be4 Rb2 29. Bd5+ Kf8 30. Bg5 Re8 31. Re1 Rxe1+ 32. Rxe1 Bxc3 33. Re6
Rxa2 34. Bh6+ Bg7 35. Rf6+ 1-0

[Event "RUS-ch Blitz Women 2021"]
[Site "Sochi"]
[Date "2021.10.11"]
[Round "7.6"]
[White "Nasybullina, Dayana"]
[Black "Potapova, Margarita"]
[Result "0-1"]
[WhiteElo "1982"]
[BlackElo "2257"]
[Annotator "NA"]
[PlyCount "68"]
[EventDate "2021.10.11"]
[EventType "blitz"]
[EventCountry "RUS"]
[SourceTitle "playchess.com"]
[Source "ChessBase"]
[SourceQuality "1"]

1. d4 Nf6 2. Nf3 e6 3. Bg5 d5 4. Nbd2 Be7 5. e3 O-O 6. Bd3 c5 7. c3 Nc6 8. O-O
Nd7 9. Bxe7 Qxe7 10. Qe2 e5 11. dxe5 Ndxe5 12. Nxe5 Nxe5 13. e4 d4 14. cxd4
cxd4 15. h3 Nc6 16. Rac1 Be6 17. a3 Rac8 18. f4 f6 19. Nf3 Rfd8 20. e5 Bd5 21.
exf6 Qxf6 22. Ne5 Re8 23. Bc4 Qe6 24. Bxd5 Qxd5 25. Qg4 d3 26. Rfd1 d2 27. Rc2
Nxe5 28. Qxc8 Rxc8 29. Rxc8+ Kf7 30. fxe5 Qd3 31. e6+ Kxe6 32. Re8+ Kd7 33. Rg8
Qc2 34. Rxg7+ Kc6 0-1

[Event "RUS-ch Blitz Women 2021"]
[Site "Sochi"]
[Date "2021.10.11"]
[Round "8.1"]
[White "Solozhenkina, Elizaveta"]
[Black "Belenkaya, Dina"]
[Result "0-1"]
[WhiteElo "2325"]
[BlackElo "2277"]
[Annotator "NA"]
[PlyCount "90"]
[EventDate "2021.10.11"]
[EventType "blitz"]
[EventCountry "RUS"]
[SourceTitle "playchess.com"]
[Source "ChessBase"]
[SourceQuality "1"]

1. Nf3 d5 2. g3 Bg4 3. Bg2 e6 4. O-O Nd7 5. d3 c6 6. Nbd2 Ngf6 7. h3 Bh5 8. e4
Bc5 9. Qe2 $11 Qc7 10. Kh1 dxe4 11. Nxe4 Nxe4 12. dxe4 O-O 13. Be3 Bxe3 14.
Qxe3 e5 15. Rad1 Rfd8 16. Rd2 f6 17. Nh4 Nb6 18. b3 Rxd2 19. Qxd2 Rd8 20. Qe3
Qd7 21. g4 Bg6 22. Bf3 Qe7 23. Nf5 Bxf5 24. gxf5 Nc8 25. Be2 b5 26. Qc3 Qb7 27.
a4 b4 28. Bc4+ Kh8 29. Qf3 Rd4 30. Rd1 Qd7 31. Rd3 Nd6 32. Be6 Qc7 33. Rxd4
exd4 34. Qg3 Ne8 35. Qg4 Qd6 36. Qh5 Qe7 37. f3 c5 38. Qh4 Nd6 39. Qf4 Ne8 40.
Qb8 h6 41. Qc8 Kh7 42. Bd7 Nd6 43. Qc6 Qe5 44. Be6 Qg3 45. Qa8 Qxh3+ 0-1

[Event "RUS-ch Blitz Women 2021"]
[Site "Sochi"]
[Date "2021.10.11"]
[Round "8.2"]
[White "Paramzina, Anastasya"]
[Black "Lysenko, Margarita"]
[Result "1/2-1/2"]
[WhiteElo "2260"]
[BlackElo "2252"]
[Annotator "NA"]
[PlyCount "150"]
[EventDate "2021.10.11"]
[EventType "blitz"]
[EventCountry "RUS"]
[SourceTitle "playchess.com"]
[Source "ChessBase"]
[SourceQuality "1"]

1. e4 c5 2. Nf3 d6 3. d4 cxd4 4. Nxd4 Nf6 5. Nc3 a6 6. Nb3 e5 7. Bg5 Be7 8.
Bxf6 Bxf6 9. g3 O-O 10. h4 Be6 11. Qd2 Nc6 12. O-O-O Be7 13. f4 f5 14. Bh3 Bxb3
15. axb3 fxe4 16. Qd5+ Kh8 17. Qxe4 Qa5 18. Kb1 exf4 19. Rd5 Qb4 20. Qe6 Rf6
21. Qe1 f3 22. Bf5 Raf8 23. g4 g6 24. Bd3 f2 25. Qd1 Qf4 26. Rf1 R6f7 27. h5
gxh5 28. Rxh5 Ne5 29. Nd5 Qg3 30. Bf5 Rg7 31. Rfh1 Rff7 32. Be6 Rf8 33. Bf5
Rff7 34. R5h3 Qg2 35. Nf4 Qc6 36. Ne6 Rxf5 37. Nxg7 Rf7 38. Rxh7+ Kg8 39. Qf1
Rxg7 40. Rh8+ Kf7 41. Qxf2+ Bf6 42. Rf1 d5 43. g5 Rxg5 44. Rh7+ Rg7 45. Rh6 Nd7
46. Qf5 Qe6 47. Qh5+ Ke7 48. Rh7 Rxh7 49. Qxh7+ Kd6 50. Qd3 Kc7 51. b4 Kb8 52.
Rd1 Nb6 53. Qg3+ Ka7 54. Qb3 Nc4 55. c3 Qe4+ 56. Ka2 Qe6 57. Rd3 Nb6 58. Rd1
Qe4 59. b5 axb5 60. Qxb5 Qc4+ 61. Qxc4 dxc4 62. Rd6 Be7 63. Re6 Bc5 64. Re5 Bd6
65. Rb5 Ka6 66. Rh5 Nc8 67. b3 cxb3+ 68. Kxb3 Kb6 69. c4 Kc6 70. Rh6 b6 71. Rh5
Ne7 72. Rg5 Nc8 73. Rh5 Bc5 74. Rh6+ Nd6 75. Rg6 Kc7 1/2-1/2

[Event "RUS-ch Blitz Women 2021"]
[Site "Sochi"]
[Date "2021.10.11"]
[Round "8.3"]
[White "Charochkina, Daria"]
[Black "Tomilova, Elena"]
[Result "1-0"]
[WhiteElo "2327"]
[BlackElo "2256"]
[Annotator "NA"]
[PlyCount "63"]
[EventDate "2021.10.11"]
[EventType "blitz"]
[EventCountry "RUS"]
[SourceTitle "playchess.com"]
[Source "ChessBase"]
[SourceQuality "1"]

1. d4 Nf6 2. c4 e6 3. Nc3 Bb4 4. e3 d5 5. Nf3 O-O 6. Bd2 b6 7. cxd5 exd5 8. Rc1
a6 $11 9. Bd3 Nbd7 10. O-O Re8 11. Qa4 Qe7 12. Qc6 Rb8 13. Nxd5 Nxd5 14. Qxd5
Bxd2 15. Nxd2 Bb7 16. Qf5 g6 17. Qh3 c5 18. Nf3 cxd4 19. Nxd4 Ne5 20. Bb1 b5
21. b3 Rbc8 22. Qg3 Rxc1 23. Rxc1 Qa3 24. Rd1 Qb2 25. h4 h5 26. Nf5 Ng4 27. Rf1
gxf5 28. f3 Rd8 29. fxg4 Rd2 30. gxf5+ Kf8 31. Qb8+ Kg7 32. f6+ 1-0

[Event "RUS-ch Blitz Women 2021"]
[Site "Sochi"]
[Date "2021.10.11"]
[Round "8.4"]
[White "Potapova, Margarita"]
[Black "Diakonova, Ekaterina"]
[Result "0-1"]
[WhiteElo "2257"]
[BlackElo "2157"]
[Annotator "NA"]
[PlyCount "82"]
[EventDate "2021.10.11"]
[EventType "blitz"]
[EventCountry "RUS"]
[SourceTitle "playchess.com"]
[Source "ChessBase"]
[SourceQuality "1"]

1. d4 d6 2. e4 Nf6 3. Nc3 g6 4. Bg5 Bg7 5. e5 Nfd7 6. exd6 cxd6 7. Qd2 h6 8.
Be3 Nb6 9. Nf3 Bg4 10. O-O-O Bxf3 11. gxf3 Nc6 12. Rg1 d5 13. Kb1 Rc8 14. f4
Qd7 15. Bd3 e6 16. f5 exf5 17. Rde1 Kf8 18. Bf1 Kg8 19. h4 h5 20. Ne2 Nc4 21.
Qc1 Nxe3 22. fxe3 Nb4 23. Nc3 Kh7 24. a3 Nc6 25. Bg2 Ne7 26. Ne2 Rc6 27. Bf3
Rhc8 28. c3 Ng8 29. Nf4 Nf6 30. Qd1 Rb6 31. Ka1 Qb5 32. Rg2 Qa5 33. Nd3 Ne4 34.
Bxh5 Nxc3 35. Qf3 Na4 36. Bxg6+ fxg6 37. h5 Nxb2 38. hxg6+ Kg8 39. Ka2 Nxd3 40.
Ree2 Nc1+ 41. Ka1 Qxa3+ 0-1

[Event "RUS-ch Blitz Women 2021"]
[Site "Sochi"]
[Date "2021.10.11"]
[Round "8.5"]
[White "Sukhareva, Evgeniya"]
[Black "Afonasieva, Anna"]
[Result "1-0"]
[WhiteElo "2143"]
[BlackElo "2227"]
[Annotator "NA"]
[PlyCount "71"]
[EventDate "2021.10.11"]
[EventType "blitz"]
[EventCountry "RUS"]
[SourceTitle "playchess.com"]
[Source "ChessBase"]
[SourceQuality "1"]

1. d4 d5 2. Nf3 Nf6 3. c4 c6 4. Nbd2 g6 5. e3 Bg7 6. Be2 O-O 7. b3 c5 8. Bb2
Nc6 9. O-O cxd4 10. exd4 Bf5 11. a3 Rc8 12. c5 Ne4 13. b4 a6 $11 14. Re1 Re8
15. Ne5 Nxe5 16. dxe5 Qc7 17. f4 Nxd2 18. Qxd2 Be4 19. Bd3 Bxd3 20. Qxd3 Red8
21. Bd4 e6 22. Rec1 Qe7 23. Qg3 Rf8 24. c6 bxc6 25. Bc5 Qb7 26. Bxf8 Bxf8 27.
Qd3 c5 28. bxc5 Bxc5+ 29. Kh1 Qa7 30. h3 Rd8 31. Rc2 a5 32. Rac1 Bb6 33. Rc6
Qb7 34. Qb5 Rb8 35. Rxb6 Qxb6 36. Rc8+ 1-0

[Event "RUS-ch Blitz Women 2021"]
[Site "Sochi"]
[Date "2021.10.11"]
[Round "8.6"]
[White "Zhurova, Anna"]
[Black "Chernyak, Viktoria"]
[Result "1-0"]
[WhiteElo "2127"]
[BlackElo "2285"]
[Annotator "NA"]
[PlyCount "97"]
[EventDate "2021.10.11"]
[EventType "blitz"]
[EventCountry "RUS"]
[SourceTitle "playchess.com"]
[Source "ChessBase"]
[SourceQuality "1"]

1. e4 c6 2. d4 d5 3. e5 Bf5 4. Nf3 e6 5. Be2 Nd7 6. O-O a6 7. a4 h6 8. Nbd2 Rc8
9. a5 Bh7 10. c3 c5 11. Ne1 Ne7 12. f4 Nf5 13. Ndf3 Be7 14. g4 Nh4 15. Nxh4
Bxh4 16. Ng2 Be4 17. Bd3 Bxd3 18. Qxd3 Be7 19. Bd2 Nf8 20. f5 Qc7 21. Qf3 Bg5
22. Be1 cxd4 23. cxd4 Qd7 24. Bb4 Rc4 25. Bc3 Bd8 26. Ne3 Rc6 27. Rac1 Nh7 28.
fxe6 fxe6 29. Bb4 Bg5 30. Rxc6 bxc6 31. Ng2 Kd8 32. Bc5 Kc7 33. Qa3 Kb7 34. Bd6
Ka8 35. Rf3 Bd8 36. Qd3 Qb7 37. b4 Ng5 38. Rf8 Rxf8 39. Bxf8 Ne4 40. Nf4 Qc8
41. Kg2 Bg5 42. Ne2 Qb7 43. Nc3 Nxc3 44. Qxc3 Qb5 45. Qf3 g6 46. Bc5 Qc4 47.
Qf8+ Kb7 48. Qf7+ Ka8 49. Qa7# 1-0